• 首页
  • 本馆介绍
  • 公告通知
  • 最新文献
  • 馆藏检索
  • 电子资源
  • 读者导购
  • 参考咨询
  • 我的图书馆
  • 登录
  • 详细信息显示
  • 放入我的书架
  • 预约/预借图书
  • 作者相关作品
  • 分类相关作品
  • 丛书相关作品
  • 出版社相关作品

书目信息

  • 表格格式
  • 工作单格式
  • 卡片格式
题名:
商号法律制度研究
    
 
作者: 李志强 著
分册:  
出版信息: 北京   中国经济出版社  2013
页数: 183页
开本: 24cm
丛书名:
单 册:
中图分类: D923.434
科图分类:
主题词: 商号--商标法--研究--中国 , 商号 , 商标法
电子资源:
ISBN: 978-7-5136-2650-7
000 00898nam0 2200265 450
001 523
005 20140908085053.75
010    @a978-7-5136-2650-7@dCNY38.00
100    @a20131107d2013 em y0chiy50 ea
101 0  @achi
102    @aCN@b110000
105    @ay z 001yy
106    @ar
200 1  @a商号法律制度研究@dA study on legal system of business names@f李志强著@zeng
210    @a北京@c中国经济出版社@d2013
215    @a183页@d24cm
330    @a本书从商号权的基础理论、商号权的取得、商号权转让与许可、商号权保护以及完善我国商号权法律制度的建议等几方面论述商号的知识产权保护,对完善我国商号全法律制度提出合理的建议。
510 1  @aStudy on legal system of business names@zeng
606 0  @a商号@x商标法@x研究@y中国
606 0  @a商号
606 0  @a商标法
690    @aD923.434@v5
701  0 @a李志强@4著
801  0 @aCN@bTANGWEI@c20140603
905    @b0842690-92@dD923.434@e1200@f3
    
    商号法律制度研究=A study on legal system of business names/李志强著.-北京:中国经济出版社,2013
    183页;24cm
    
    
    ISBN 978-7-5136-2650-7:CNY38.00
    本书从商号权的基础理论、商号权的取得、商号权转让与许可、商号权保护以及完善我国商号权法律制度的建议等几方面论述商号的知识产权保护,对完善我国商号全法律制度提出合理的建议。
●
相关链接 在E读中查询图书 在五车中查询图书 在当当中查询图书 在豆瓣中查询图书


正题名:商号法律制度研究     索取号:D923.434/1200         预约/预借

序号 登录号 条形码 馆藏地/架位号 状态 备注
1 0842690   208426906   第一样本阅览室/ [索取号:D923.434/1200] 在馆    
2 0842691   208426915   密集书库-史法系/ [索取号:D923.434/1200] 在馆    
3 0842692   208426924   第一借阅区/ [索取号:D923.434/1200] 在馆    
唐山师范学院图书馆 欢迎您!
大连网信软件有限公司© 版权所有